Statistics for Most Populated Countries in Comparison to Their Continent

Click here to take the quiz!

General Stats

  • This quiz has been taken 52 times
  • The average score is 18 of 20

Answer Stats

%Country% Correct
49.4Brazil
100%
31.6China
98%
29.7India
98%
56.6United States
98%
59.8Australia
96%
7.8France
96%
16.9Russia
96%
7.6United Kingdom
96%
9.5Germany
94%
10.4Argentina
92%
21.3Mexico
92%
11.5New Zealand
88%
7.6Egypt
86%
15.9Nigeria
86%
7.2Italy
84%
11.6Colombia
80%
7.5Peru
80%
7.8Ethiopia
78%
7.4Venezuela
78%
20.6Papua New Guinea
58%

Score Distribution

Percentile by Number Answered

Percent of People with Each Score

Your Score History

You have not taken this quiz